| 000 -LEADER |
| fixed length control field |
00531nam a22001937a 4500 |
| 008 - FIXED-LENGTH DATA ELEMENTS--GENERAL INFORMATION |
| fixed length control field |
131031b xxu||||| |||| 00| 0 ger d |
| 020 ## - INTERNATIONAL STANDARD BOOK NUMBER |
| International Standard Book Number |
3931659119 |
| 041 0# - LANGUAGE CODE |
| Language code of text/sound track or separate title |
ger |
| 080 ## - UNIVERSAL DECIMAL CLASSIFICATION NUMBER |
| Universal Decimal Classification number |
33:621 |
| 100 1# - Rafti |
| Rafti |
Babbage, Charles |
| 245 ## - TITLE STATEMENT |
| Title |
Die ökonomie der maschine / |
| Statement of responsibility, etc |
Charles Babbage |
| 260 ## - |
| -- |
Berlin : |
| -- |
Kulturverlag Kadmos ; |
| -- |
1999. |
| 300 ## - |
| -- |
283 f. : |
| -- |
23 cm. |
| 500 ## - |
| -- |
Vorwort von Peter Brödner : f. [XV]-XXVIII |
| 650 #0 - |
| -- |
Ekonomia e makinave |
| 650 #0 - |
| -- |
Ekonomia |
| 650 #0 - |
| -- |
Makineritë |
| 942 ## - ADDED ENTRY ELEMENTS (KOHA) |
| Source of classification or shelving scheme |
|
| Item type |
Books |